What's in a Band's Name? Quiz Stats

 Plays Quiz Updated Jul 11, 2018

Challenge
Share
Tweet
Embed
Score 0/20 Timer 03:00
0 Plays Today
% Correct
Kiss
95%
Slaughter
94.8%
Queen
94.4%
Foreigner
94.3%
Eagles
93.8%
Tool
93.6%
Journey
92.9%
Hinder
90.7%
Bush
90.6%
Disturbed
90.5%
% Correct
Rush
89.6%
Blur
88%
Incubus
81.7%
Nirvana
81.2%
Oasis
80%
Lit
75.5%
Muse
74.1%
Heart
72.9%
Live
71.3%
Sublime
66.5%

You're not logged in!

Compare scores with friends on all Sporcle quizzes.
OR
Log In

You Might Also Like...

Show Comments

Extras

Top Quizzes Today


Score Distribution

Your Account Isn't Verified!

In order to create a playlist on Sporcle, you need to verify the email address you used during registration. Go to your Sporcle Settings to finish the process.

Report this User

Report this user for behavior that violates our Community Guidelines.

Details: